00847nam a2200229 a 450000100100000000500170001000800410002702000180006804000250008608200140011110000270012524000170015224501110016925000130028026000450029350000500033870000450038870000290043370000260046295201120048899900170060000004053720201002034210.0130830s2008 sp a 001 0 spa d a9788429176001 aDO-SdBNPbspacBNPHU axxxbxxxx1 aBerg, Jeremy M.96684910aBiochemistry10aBioquímica. /cJeremy M. Berg, John L. Tymoczko, Lubert Stryer; traducción, José María Macarrulla. a6ta. ed. aBarcelona, España :bReverté,c2008. aLa biblioteca posee la reimpresión del 20111 aMacarrulla, José Maríaetrad.9668501 aTymoczko, John L.9668511 aStryer, Lubert966852 001050718MOaGRbGRcCTd2013-08-30iLF1l0oxxx xxxxp40537-10r2020-06-25w2020-06-25y1ZNo se presta c40027d40027